Không gian TôPô với Sn-Lưới đếm được địa phương Luận văn thạc Toán học. Chuyên ngành: Toán giải tích . Mã số: 60 46 01

Gespeichert in:
Bibliographische Detailangaben
1. Verfasser: Trần, Quang Thọ
Weitere Verfasser: Trần Văn Ân (Hướng dẫn)
Format: Abschlussarbeit Paket Buch
Veröffentlicht: Vinh Đại học Vinh 2009
Schlagworte:
Tags: Tag hinzufügen
Keine Tags, Fügen Sie den ersten Tag hinzu!
Thư viện lưu trữ: Trung tâm Học liệu Lê Vũ Hùng, Trường Đại học Đồng Tháp
LEADER 01060ppm a22002898a 4500
001 00036407
005 20171026081025.0
008 170302s2009 ||||||Viesd
041 0 # |a Vie 
082 1 4 |b KH455GI  |a 514 
100 1 # |a Trần, Quang Thọ 
245 0 0 |b Luận văn thạc Toán học. Chuyên ngành: Toán giải tích . Mã số: 60 46 01  |c Trần Quang Thọ; Trần Văn Ân(hướng dẫn)  |a Không gian TôPô với Sn-Lưới đếm được địa phương 
260 # # |a Vinh  |b Đại học Vinh  |c 2009 
300 # # |a 44tr.  |c 30cm. 
500 # # |a ĐTTTS ghi: Bộ giáo dục và đào tạo. Đại học Vinh 
653 # # |a Không gian 
653 # # |a Ánh xạ 
653 # # |a Toán học 
653 # # |a Luận văn 
700 1 # |a Trần Văn Ân  |e Hướng dẫn 
852 # # |j LV.0000935 
852 # # |b Kho đọc SĐH  |j LV.0000935 
910 |d 02/03/2017 
980 # # |a Trung tâm Học liệu Lê Vũ Hùng, Trường Đại học Đồng Tháp